LEADER 01459nam a2200229 i 4500 001 000000129115 003 CaOOAMICUS 005 20040915000000.0 008 040915s1998 vc u000 u mul u 013 $a101848 040 $aSeMil$bita 100 1 $aShan Kuo-Hsi, Paul$b.$0(OLS)http://semarc/name/53645 245 10$aRelatio post disceptationem (sub secreto) :$bJesu Christ the Saviour and his mission of love and service in Asia: «...That they may have life, and have it abundantly» (Jn 10,10) /$cab Em.mo D. Paul Card. Shan Kuo-Hsi. 300 $a[78] p. in più sequenze. 490 0 $aSynodus Episcoporum 500 $aIn testa al front. : Synodus Episcoporum ; Coetus Specialis pro Asia. - In mezzo al front. : Textus coetui speciali pro Asia reservatus (Cf. Ordo Synodi, art. 20). - Il complemento al titolo precede il titolo. 773 0 $tRelatio circa labores peractos in coetu speciali pro Asia Synodi Episcoporum.$dE Civitate Vaticana : [s.n.], 1996-1998.$g7$w()12045 830 0$aSynodus Episcoporum.$0(OLS)http://semarc/title/13886 850 $aSeMil 852 $aSeMil$W1$xVenegono$y1$mFV.E VII 157/7$j83249$B83249$CSeMilBibl$Z2$F86236 $8B 961 $aOmaggio: Martini Card. Carlo Maria 996 $6245$aRelatio post disceptationem (sub secreto) :$bJesu Christ the Saviour and his mission of love and service in Asia: «...That they may have life, and have it abundantly» (Jn 10,10)$9(OLS)http://semarc/title/190829 LEADER 01017nam a2200241 i 4500 001 000000132273 003 CaOOAMICUS 005 20250704092321.0 008 041203s1948 it u000 u ita u 013 $a105216 040 $aSeMil$bita 110 0 $aItalia : Ministero dell'Istruzione, dell'Università e della Ricerca.$0(OLS)http://semarc/name/417 245 10$aManoscritti e libri rari notificati /$cMinistero della Pubblica Istruzione. 250 $a2. Ed. aggiornata. 260 $a[S.l. :$bs.n.],$c1948. 300 $aVI, 378 p. ;$c22 cm. 500 $aIn testa al front. : Pubblicazioni a cura dell'ufficio studi. 650 4$aLibri rari, antichi e di pregio - Cataloghi.$0(OLS)http://semarc/subject/79 850 $aSeMil 852 $aSeMil$W1$xVenegono$y1$m3Y II 46$j259095$B86190$CSeMilBibl$Z2$F89924 $81 996 $6245$aManoscritti e libri rari notificati$9(OLS)http://semarc/title/194349 996 $6260$a[S.l. :$bs.n.]$9(OLS)http://semarc/publisher/29751